00475nam a2200193 a 4500001001300000003000900013005001700022008004100039020002300080082001300103100002000116245003100136260002700167300000900194500003500203505001000238650001300248700002000261nice12345678IN_TiNIC20260116013815.0070405s1991 dela grp 000 0 eng  a0803985681 c14000a200bTUR aTurner, Bryan S aReligion and Social Theory aDelhibSage Pub c1991 a264p aincludes index and biblioraphy2 aIndex aReligion1 aTurner, Bryan S